Qualitative health psychology : (Record no. 54541)
[ view plain ]
| 000 -LEADER | |
|---|---|
| fixed length control field | 00801nam a2200253 a 4500 |
| 001 - CONTROL NUMBER | |
| control field | 54541 |
| 003 - CONTROL NUMBER IDENTIFIER | |
| rucl marc code | BD-RjUL |
| 005 - DATE AND TIME OF LATEST TRANSACTION | |
| control field | 20211209080133.0 |
| 008 - FIXED-LENGTH DATA ELEMENTS--GENERAL INFORMATION | |
| fixed length control field | 161107s1999 enka 001 0 eng d |
| 020 ## - INTERNATIONAL STANDARD BOOK NUMBER | |
| International Standard Book Number | 0761956603 |
| International Standard Book Number | 0761956611 pbk |
| 035 ## - SYSTEM CONTROL NUMBER | |
| System control number | (BD-RjUL)54663 |
| 040 ## - CATALOGING SOURCE | |
| Original cataloging agency | BDS |
| Language of cataloging | eng |
| Transcribing agency | BD-RjUL |
| Modifying agency | BD-RjUL |
| 041 ## - LANGUAGE CODE | |
| Language code of text/sound track or separate title | eng |
| 082 0# - DEWEY DECIMAL CLASSIFICATION NUMBER | |
| Classification number | 616.0019 |
| Edition number | 23 |
| Author mark and year | QUA 1999 |
| 245 00 - TITLE STATEMENT | |
| Title | Qualitative health psychology : |
| Remainder of title | theories and methods / |
| Statement of responsibility, etc. | edited by Michael Murray, Kerry Chamberlain. |
| 260 ## - PUBLICATION, DISTRIBUTION, ETC. (IMPRINT) | |
| Place of publication, distribution, etc. | London : |
| Name of publisher, distributor, etc. | SAGE, |
| Date of publication, distribution, etc. | 1999. |
| 300 ## - PHYSICAL DESCRIPTION | |
| Pagination | x, 262 p : |
| Illustrations | ill ; |
| Size | 26 cm. |
| 504 ## - BIBLIOGRAPHY, ETC. NOTE | |
| Bibliography, etc | Includes bibliographical references and index. |
| 650 #0 - SUBJECT ADDED ENTRY--TOPICAL TERM | |
| Topical term or geographic name as entry element | Clinical health psychology |
| General subdivision | Research. |
| 9 (RLIN) | 162701 |
| 700 1# - ADDED ENTRY--PERSONAL NAME | |
| Personal name | Murray, M., |
| Dates associated with a name | 1952- |
| Personal name | Chamberlain, Kerry. |
| 942 ## - ADDED ENTRY ELEMENTS (KOHA) | |
| Source of classification or shelving scheme | Dewey Decimal Classification |
| Koha item type | Books |
| Lost status | Source of classification or shelving scheme | Damaged status | Not for loan | Collection code | Permanent Location | Current Location | Shelving location | Date acquired | Source of acquisition | Cost, normal purchase price | Total Checkouts | Full call number | Date last seen | Copy number | Koha item type |
|---|---|---|---|---|---|---|---|---|---|---|---|---|---|---|---|
| Dewey Decimal Classification | Non-fiction | Central Library, University of Rajshahi | Central Library, University of Rajshahi | 13/04/2006 | Dhaka,Paragon Enterprise Lit., | 22.99 | 616.0019 QUA 1999 | 07/11/2016 | C-2 | Books | |||||
| Dewey Decimal Classification | Not For Loan | Non-fiction | Central Library, University of Rajshahi | Central Library, University of Rajshahi | Reading Room | 13/04/2006 | Dhaka, Paragon Enterprises Ltd. | 22.99 | 616.0019 QUA 1999 | 20/03/2017 | C-1 | Books |